000 00993nam a2200229Ia 4500
003 Ost
005 20260507075033.0
008 260507s9999||||xx |||||||||||||| ||und||
040 _cfsecg
041 _aara
082 _a330
100 _aبدوي، محمد عباس
_eمؤلف
245 0 _aالمحاسبة الحكومية والقومية بين النظرية والتطبيق /
_c محمد عباس بدوي
260 _aالإسكندرية:
_bالدار الجامعة الجديدة للنشر,
_c2003
300 _a445 صفحة؛
_bإيضاحات ؛
_c24 سم
520 _aالإعتبارات المحددة لنطاق الأهداف الوظيفية للمحاسبة- النظام المحاسبي في الوحدات الحكومية- المحاسبة القومية
653 _aالدخل القومي
653 _aالمحاسبة
653 _aالمحاسبة القومية
700 _aنصر،عبد الوهاب
_eمؤلف ثانوي
942 _cكتاب
999 _c42425
_d42425